00777cam a2200229 4500001001300000003000400013005001700017008004100034010001700075040003600092050001900128070001600147082002000163110008900183245008400272260002400356300001800380650004500398650004200443650004500485999001700530agr68000059 DLC20260227111028.0700507s1967 dcu ab 000 0 eng c aagr68000059  aU.S. Nat'l Agr. Libr.cDLCdDLC00aZ5706.A1bU5350 aaZ5706.A2U500a016.6588/09/6371 aUnited States.bDepartment of Agriculture.bEconomic Research Service.bDairy Group.10aResearch publications on dairy marketing economics,ban annotated bibliography. a[Washington]c1967. a31 p.c26 cm. 0aDairy productsxMarketingxBibliography. 3aDairy productsxMarketingxAbstracts. 3aDairy productsxMarketingxBibliography. c12373d12373